000 00636cab a2200205 4500
001 WB2337-29
008 090401t1987 xxu||||| |||| 00| 0 eng d
035 _a(Sirsi) u639
041 _aeng
245 _aWhy Cornerstone was launched
260 _c1987
350 _a0
490 _aMoney Week
_vly no 25, 17/9/87 p6
520 _aExplains the kind of services which will be offered by Cornerstone , the estate agency network set up by the Abbey National building society .(See also WB2336-19).
650 _aFINANCIAL SERVICES
650 _aMORTGAGES
690 _aPROPERTY LAW AND PRACTICE
942 _n0
948 _c04/03/1997
999 _c318
_d318